| 000 | 00000nam##2200000za#4500 |
| 001 | 9.659532 |
| 003 | CaOODSP |
| 005 | 20200330121751 |
| 007 | ta |
| 008 | 150407|1997||||xxc||||| f|0| 0 fre|d |
| 020 | |a0-662-63124-2 |
| 040 | |aCaOODSP|bfre |
| 041 | |aeng |
| 041 | |afre |
| 043 | |an-cn--- |
| 086 | 1 |aBT22-51/1997 |
| 110 | 1 |aCanada. |bConseil du trésor. |
| 245 | 10|aStatistiques de l'emploi dans la fonction publique fédérale : |bdu 1er avril 1996 au 31 mars 1997 |
| 260 | |aOttawa - Ontario : |bSecrétariat du Conseil du Trésor du Canada |c1997. |
| 300 | |aTexte français, 8, 93p. : |bgraphiques, tableaux ; |c28 cm. |
| 500 | |a«Fournit des données sur la main-d'oeuvre par type d'emploi, sexe, catégorie professionnelle, région, ministère et âge. Le rapport de cette année contient également un résumé des réductions de l'emploi dans la fonction publique 1 pendant la période correspondant à la deuxième année d'application de l'Examen des programmes.»--Avant-propos. |
| 520 | 3 |aFournit des données sur la main-d'oeuvre par type d'emploi, sexe, catégorie professionnelle, région, ministère et âge. Le rapport de cette année contient également un résumé des réductions de l'emploi dans la fonction publique 1 pendant la période correspondant à la deuxième année d'application de l'Examen des programmes.--Avant-propos |
| 546 | |aBilingue |
| 563 | |aReliure à spirale |
| 590 | |a97-48|b1997-11-28 |
| 776 | 0#|tStatistiques de l'emploi dans la fonction publique fédérale : |w(CaOODSP)9.637796 |
| 776 | 0#|tEmployment statistics for the federal public service : |w(CaOODSP)9.693621 |
| 791 | |tEmployment statistics for the federal public service : |eeng|w(CaOODSP)9.659531 |